<?xml version="1.0" encoding="UTF-8"?>
<record
    xmlns:xsi="http://www.w3.org/2001/XMLSchema-instance"
    xsi:schemaLocation="http://www.loc.gov/MARC21/slim http://www.loc.gov/standards/marcxml/schema/MARC21slim.xsd"
    xmlns="http://www.loc.gov/MARC21/slim">

  <leader>01687cam a22003374a 4500</leader>
  <controlfield tag="001">12459447</controlfield>
  <controlfield tag="003">OSt</controlfield>
  <controlfield tag="005">20220902130511.0</controlfield>
  <controlfield tag="008">010702s2002    enka     bf   001 0 eng c</controlfield>
  <datafield tag="020" ind1=" " ind2=" ">
    <subfield code="a">9780199699476</subfield>
  </datafield>
  <datafield tag="040" ind1=" " ind2=" ">
    <subfield code="c">LC</subfield>
  </datafield>
  <datafield tag="042" ind1=" " ind2=" ">
    <subfield code="a">pcc</subfield>
  </datafield>
  <datafield tag="050" ind1="0" ind2="0">
    <subfield code="a">RD37.O94</subfield>
  </datafield>
  <datafield tag="245" ind1="0" ind2="0">
    <subfield code="a">Oxford handbook of clinical surgery /</subfield>
    <subfield code="c">[edited by] G.R. McLatchie, Neil Borley and Joanna Chikwe.</subfield>
  </datafield>
  <datafield tag="246" ind1="3" ind2=" ">
    <subfield code="a">Handbook of clinical surgery</subfield>
  </datafield>
  <datafield tag="250" ind1=" " ind2=" ">
    <subfield code="a">4th ed.</subfield>
  </datafield>
  <datafield tag="260" ind1=" " ind2=" ">
    <subfield code="a">Oxford:</subfield>
    <subfield code="b">Oxford University Press,</subfield>
    <subfield code="c">2013.</subfield>
  </datafield>
  <datafield tag="300" ind1=" " ind2=" ">
    <subfield code="a">xxxviii, 794 p. :</subfield>
    <subfield code="b">ill. ;</subfield>
    <subfield code="c">19 cm.</subfield>
  </datafield>
  <datafield tag="504" ind1=" " ind2=" ">
    <subfield code="a">Includes index.</subfield>
  </datafield>
  <datafield tag="505" ind1=" " ind2=" ">
    <subfield code="a">Contents: Good surgical practice -- Principles of surgery -- Surgical pathology -- Practical procedures -- Head and neck surgery -- Breast and endocrine surgery -- Upper gastrointestinal surgery -- Liver, pancreatic and biliary surgery -- Abdominal wall -- Urology -- Colorectal surgery -- Paediatric surgery -- Paediatric orthopaedic -- Major trauma -- Orthopaedic surgery -- Plastic surgery -- Cardiothoracic surgery -- Periphiral vascular disease -- Transplantation -- Surgery in tropical diseases -- Common operations -- Eponymous terms and rarities --  </subfield>
  </datafield>
  <datafield tag="650" ind1=" " ind2="0">
    <subfield code="a">Surgery</subfield>
    <subfield code="v">Handbooks, manuals, etc.</subfield>
    <subfield code="9">320</subfield>
  </datafield>
  <datafield tag="650" ind1=" " ind2="0">
    <subfield code="a">Surgery, Operative</subfield>
    <subfield code="v">Handbooks, manuals, etc.</subfield>
    <subfield code="9">321</subfield>
  </datafield>
  <datafield tag="650" ind1="1" ind2="2">
    <subfield code="a">Surgical Procedures, Operative</subfield>
    <subfield code="v">Handbooks.</subfield>
    <subfield code="9">322</subfield>
  </datafield>
  <datafield tag="650" ind1="2" ind2="2">
    <subfield code="a">Surgery</subfield>
    <subfield code="v">Handbooks.</subfield>
    <subfield code="9">323</subfield>
  </datafield>
  <datafield tag="700" ind1="1" ind2=" ">
    <subfield code="a">McLatchie, Greg R.</subfield>
    <subfield code="9">324</subfield>
  </datafield>
  <datafield tag="700" ind1="1" ind2=" ">
    <subfield code="a">Borley, Neil </subfield>
    <subfield code="9">325</subfield>
  </datafield>
  <datafield tag="700" ind1="1" ind2=" ">
    <subfield code="a">Chikwe, Joanna </subfield>
    <subfield code="9">326</subfield>
  </datafield>
  <datafield tag="942" ind1=" " ind2=" ">
    <subfield code="2">lcc</subfield>
    <subfield code="c">BK</subfield>
  </datafield>
  <datafield tag="999" ind1=" " ind2=" ">
    <subfield code="c">9195</subfield>
    <subfield code="d">16695</subfield>
  </datafield>
  <datafield tag="952" ind1=" " ind2=" ">
    <subfield code="0">0</subfield>
    <subfield code="1">0</subfield>
    <subfield code="2">lcc</subfield>
    <subfield code="4">0</subfield>
    <subfield code="7">0</subfield>
    <subfield code="a">WIUC-KL</subfield>
    <subfield code="b">WIUC-KL</subfield>
    <subfield code="c">NURS L.</subfield>
    <subfield code="d">2019-11-27</subfield>
    <subfield code="l">0</subfield>
    <subfield code="o">RD37.O94(4e)</subfield>
    <subfield code="p">KSN/819/819/19</subfield>
    <subfield code="r">2022-09-02 00:00:00</subfield>
    <subfield code="w">2022-09-02</subfield>
    <subfield code="y">BK</subfield>
  </datafield>
</record>
